Statistics for Team Fortress 2 Updates

Click here to take the quiz!

General Stats

  • This quiz has been taken 19 times
    (13 since last reset)
  • The average score is 21 of 40

Answer Stats

Release DateUpdateContent% Correct
April 29, 2008Gold Rush UpdateGold Rush, Übersaw, Meet the Scout
100%
August 19, 2008Heavy UpdateSandvich, Badwater Basin, Meet the Sandvich
100%
October 20th, 2017Jungle InfernoContracker, Mercenary Park, Thermal Thruster
100%
August 15, 2012Mann vs. Machine UpdateMann vs Machine, Power Up Canteen
100%
June 19, 2008Pyro UpdateCompression blast, Turbine, Meet the Sniper
100%
February 24, 2009Scout UpdateSandman, Egypt
100%
December 17, 2009WAR! UpdateEyelander, Direct Hit, Gorge
100%
June 23, 2011Über UpdateQuick-Fix, Meet the Medic, Free to Play
89%
December 8, 2014End of the Line UpdateEnd of the Line, Bonus Ducks
78%
July 2, 2015Gun MettleBorneo, contracts
78%
October 6, 2015Invasion Community UpdateWatergate
78%
June 18, 2014Love & War UpdateTide Turner, Expiration Date
78%
July 7, 2016Meet Your Match UpdateCompetitive Mode, Casual Mode, PASS Time
78%
May 21, 2009Sniper vs. Spy UpdateHuntsman, Ambassador, cosmetic items
78%
December 17, 2015Tough Break UpdateFestivizer
78%
October 27, 2010Scream FortressHorseless Headless Horsemann, Mann Manor
67%
November 21, 2013Two Cities UpdateMannhattan, Rottenburg, killstreak weapons
67%
July 8, 2010Engineer UpdateGolden Wrench, Gunslinger, Hightower
56%
June 10, 2010Mac UpdateTraining Mode, Earbuds
56%
September 30, 2010Mann-Conomy UpdateItem sets, Rocket Jumper, trading
56%
October 29, 2013Scream Fortress 2013Helltower, Magic spells
56%
October 28, 2015Scream Fortress 2015Hellstone, Soul Gargoyle, Merasmissions
56%
April 14, 2011Hatless UpdateCoaching system, voting system, item styles
44%
June 27, 2012Pyromania UpdateDoomsday, Meet the Pyro, Pyrovision
44%
May 5, 2011Replay UpdateReplay system, Saxxy
44%
October 29, 2014Scream Fortress 2014Carnival of Carnage, bumper cars
44%
October 21, 2016Scream Fortress 2016Pit of Death, Unusualifier
44%
December 20, 2012Mecha UpdateBigrock, Mecha Engineer, Vaccinator
33%
May 17, 2013Robotic BoogalooRobotic cosmetics
33%
December 17, 2010Australian ChristmasDeGroot Keep, Crusader's Crossbow
22%
August 13, 2009Classless UpdateViaduct, Yukon
22%
Deember 20, 2013Smissmas 2013Festive weapons, cosmetic items
11%
December 22, 2014Smissmas 2014Mannpower, Quickiebomb Launcher
11%
April 29, 2010119th UpdateCrit-a-Cola, Service Medals
0%
December 15, 2011Australian Christmas 2011Foundry, Phlogistinator, festive weapons
0%
October 29, 2009Haunted Hallowe'en SpecialHarvest, Ghastly Gibus
0%
October 13, 2011Manniversary UpdateGullywash, High Five!-taunt
0%
December 21, 2016Smissmas 2016Taunts and cosmetics
0%
October 26, 2012Spectral Halloween SpecialMerasmus, Ghost Fort
0%
October 27, 2011Very Scary Halloween SpecialMonoculus, Eyeaduct
0%

Score Distribution

Percentile by Number Answered

Percent of People with Each Score

Your Score History

You have not taken this quiz since the last reset